| 000 | 00460nam a2200133 4500 | ||
|---|---|---|---|
| 008 | 0 1987 0a 000 0MEX | ||
| 050 | _aTP155 O774 1987 | ||
| 082 | _a621.18 O774c | ||
| 100 | _aOrozco Barba, Genaro | ||
| 245 | _aCogeneracion / Genaro Orozco Barba | ||
| 300 | _a62 p. / 21 cm. | ||
| 502 | _a(Ing. Quimica) - Instituto Tecnologico de Zacatepec - Ing. Carlos Felipe Cano Ochoa | ||
| 650 | _a1.SISTEMAS COGENERADORES \ 2.MEDIDAS DE SEGURIDAD | ||
| 999 |
_c17041 _d17041 |
||